ZAYN - Sideways - All lyrics - Statistics

General Stats
  • This quiz has been taken 10 times
  • The average score is 258 of 340
Answer Stats
Answer % Correct
I
100%
on
100%
the
100%
to
100%
with
100%
With
100%
you
100%
You
100%
(You
100%
and
89%
And
89%
at
89%
face
89%
legs
89%
lips
89%
lookin'
89%
lookin',
89%
lookin')
89%
mine
89%
pillowcase
89%
sideways,
89%
Sideways,
89%
sideways
89%
(Sideways)
89%
Your
89%
your
89%
be
78%
It
78%
it
78%
miss
78%
(Miss
78%
what
78%
do
67%
it's
67%
love
67%
me
67%
me,
67%
never
67%
our
67%
so
67%
want
67%
Yeah,
67%
yeah
67%
You're
67%
you're
67%
enough
56%
eyes
56%
get
56%
like
56%
next
56%
(No,
56%
no,
56%
not
56%
of
56%
see
56%
stay
56%
body
44%
but
44%
But
44%
ceiling
44%
from
44%
gonna
44%
here
44%
hurts
44%
just
44%
late
44%
night
44%
(Oh)
44%
(Oh-oh)
44%
play
44%
tonight
44%
twist
44%
up
44%
wanna
44%
appealing
33%
away
33%
Cause
33%
games
33%
gone
33%
gone)
33%
know
33%
lying
33%
must
33%
revealing
33%
They
33%
through
33%
until
33%
watch
33%
words
33%
dangle
22%
diamonds
22%
leave
22%
leave)
22%
Then
22%
You'll
22%
caught
0%
No matching quizzes found
Score Distribution
Percent of People with Each Score
Percentile by Number Answered
Your Score History
You have not taken this quiz